000 00676nam a2200121Ia 4500
008 220620s9999||||xx |||||||||||||| ||und||
100 _aWesseling, H.L.
245 2 _aA Cape of Asia
_bEssays on European History
546 _aEnglish[eng]
650 _ahistory||Colonialism||Ethnic groups in Europe||Europe||Fin de siècle||France||Imperialism||Johan Huizinga||Netherlands
856 _uhttps://library.oapen.org/bitstream/20.500.12657/32752/1/606218.pdf||https://library.oapen.org/bitstream/20.500.12657/32752/1/606218.pdf||https://library.oapen.org/bitstream/20.500.12657/32752/1/606218.pdf||https://library.oapen.org/bitstream/20.500.12657/32752/1/606218.pdf
942 _cEB
999 _c27814
_d27814